000 00795am a2200289a 44500
003 AR-BaBNM
005 20251128211005.0
008 200528s1990 Esp|||||||||||000 | esp||
020 _a84-7432-490-4
040 _cAR-BaBNM
100 1 _aFetscher, Iring
245 1 0 _aLa tolerancia
_buna pequeña virtud imprescindible para la democracia. Panorama histórico y problemas actuales
250 _a2ª ed.
260 _aBarcelona
_bGedisa
_c1990
300 _a167 p.
490 0 _aCiencias Sociales. Política
650 4 _aTOLERANCIA
650 4 _aHISTORIA
650 4 _aESTADO
650 4 _aRESPONSABILIDAD DEL ESTADO
650 4 _aDEMOCRACIA
650 4 _aLIBERALISMO
650 4 _aCONSTITUCIONES
700 1 _aMachain, Nélida
_etraductor
942 _cBK
998 _cmariana
999 _c17780
_d17780